1948 College Football AP Poll - Statistics

General Stats
  • This quiz has been taken 18 times
  • The average score is 137 of 181
Answer Stats
Week Rank Team W L T Conference % Correct
Week 1 (10/4) 11 Ohio State 2 0 Big Nine
100%
Week 7 (11/15) 18 Ohio State 6 2 Big Nine
100%
Week 8 (11/22) 17 Ohio State 6 3 Big Nine
100%
Week 1 (10/4) 16 Texas 1 0 Southwest
100%
Week 4 (10/25) 20 Texas 4 2 Southwest
100%
Week 1 (10/4) 7 Michigan 2 0 Big Nine
94%
Week 2 (10/11) 4 Michigan 3 0 Big Nine
94%
Week 3 (10/18) 1 Michigan 4 0 Big Nine
94%
Week 4 (10/25) 1 Michigan 5 0 Big Nine
94%
Week 5 (11/1) 2 Michigan 6 0 Big Nine
94%
Week 6 (11/8) 1 Michigan 7 0 Big Nine
94%
Week 7 (11/15) 1 Michigan 8 0 Big Nine
94%
Week 8 (11/22) 1 Michigan 9 0 Big Nine
94%
Week 9 (11/29) 1 Michigan 9 0 Big Nine
94%
Week 1 (10/4) 1 Notre Dame 2 0 Independent
94%
Week 2 (10/11) 2 Notre Dame 3 0 Independent
94%
Week 3 (10/18) 2 Notre Dame 4 0 Independent
94%
Week 4 (10/25) 2 Notre Dame 5 0 Independent
94%
Week 5 (11/1) 1 Notre Dame 6 0 Independent
94%
Week 6 (11/8) 2 Notre Dame 7 0 Independent
94%
Week 7 (11/15) 2 Notre Dame 8 0 Independent
94%
Week 8 (11/22) 2 Notre Dame 8 0 Independent
94%
Week 9 (11/29) 2 Notre Dame 9 0 Independent
94%
Week 2 (10/11) 20 Oklahoma 2 1 Big Seven
94%
Week 3 (10/18) 18 Oklahoma 3 1 Big Seven
94%
Week 4 (10/25) 16 Oklahoma 4 1 Big Seven
94%
Week 5 (11/1) 15 Oklahoma 5 1 Big Seven
94%
Week 6 (11/8) 9 Oklahoma 6 1 Big Seven
94%
Week 7 (11/15) 8 Oklahoma 7 1 Big Seven
94%
Week 8 (11/22) 6 Oklahoma 8 1 Big Seven
94%
Week 9 (11/29) 5 Oklahoma 9 1 Big Seven
94%
Week 1 (10/4) 20 Tennessee 0 1 1 SEC
94%
Week 6 (11/8) 18 Tennessee 4 2 1 SEC
94%
Week 1 (10/4) 5 Army 2 0 Independent
88%
Week 2 (10/11) 5 Army 3 0 Independent
88%
Week 3 (10/18) 5 Army 4 0 Independent
88%
Week 4 (10/25) 5 Army 5 0 Independent
88%
Week 5 (11/1) 4 Army 6 0 Independent
88%
Week 6 (11/8) 3 Army 7 0 Independent
88%
Week 7 (11/15) 3 Army 8 0 Independent
88%
Week 8 (11/22) 3 Army 8 0 Independent
88%
Week 9 (11/29) 6 Army 8 0 1 Independent
88%
Week 1 (10/4) 9 California 3 0 Pacific Coast
88%
Week 2 (10/11) 6 California 4 0 Pacific Coast
88%
Week 3 (10/18) 4 California 5 0 Pacific Coast
88%
Week 4 (10/25) 4 California 6 0 Pacific Coast
88%
Week 5 (11/1) 5 California 7 0 Pacific Coast
88%
Week 6 (11/8) 4 California 8 0 Pacific Coast
88%
Week 7 (11/15) 4 California 9 0 Pacific Coast
88%
Week 8 (11/22) 5 California 10 0 Pacific Coast
88%
Week 9 (11/29) 4 California 10 0 Pacific Coast
88%
Week 2 (10/11) 18 Duke 1 0 2 SoCon
88%
Week 3 (10/18) 15 Duke 2 0 2 SoCon
88%
Week 1 (10/4) 17 Indiana 2 0 Big Nine
88%
Week 1 (10/4) 8 Minnesota 2 0 Big Nine
88%
Week 2 (10/11) 11 Minnesota 3 0 Big Nine
88%
Week 3 (10/18) 13 Minnesota 3 1 Big Nine
88%
Week 4 (10/25) 15 Minnesota 3 2 Big Nine
88%
Week 5 (11/1) 19 Minnesota 4 2 Big Nine
88%
Week 6 (11/8) 14 Minnesota 5 2 Big Nine
88%
Week 7 (11/15) 15 Minnesota 6 2 Big Nine
88%
Week 8 (11/22) 13 Minnesota 7 2 Big Nine
88%
Week 9 (11/29) 16 Minnesota 7 2 Big Nine
88%
Week 2 (10/11) 12 Missouri 2 1 Big Seven
88%
Week 3 (10/18) 9 Missouri 3 1 Big Seven
88%
Week 4 (10/25) 8 Missouri 4 1 Big Seven
88%
Week 5 (11/1) 9 Missouri 5 1 Big Seven
88%
Week 6 (11/8) 20 Missouri 5 2 Big Seven
88%
Week 1 (10/4) 13 Arkansas 2 0 Southwest
81%
Week 2 (10/11) 16 Georgia 2 1 SEC
81%
Week 4 (10/25) 18 Georgia 4 1 SEC
81%
Week 5 (11/1) 13 Georgia 5 1 SEC
81%
Week 6 (11/8) 13 Georgia 6 1 SEC
81%
Week 7 (11/15) 11 Georgia 7 1 SEC
81%
Week 8 (11/22) 12 Georgia 8 1 SEC
81%
Week 9 (11/29) 8 Georgia 9 1 SEC
81%
Week 1 (10/4) 2 North Carolina 2 0 SoCon
81%
Week 2 (10/11) 1 North Carolina 3 0 SoCon
81%
Week 3 (10/18) 3 North Carolina 4 0 SoCon
81%
Week 4 (10/25) 3 North Carolina 5 0 SoCon
81%
Week 5 (11/1) 3 North Carolina 6 0 SoCon
81%
Week 6 (11/8) 6 North Carolina 6 0 1 SoCon
81%
Week 7 (11/15) 5 North Carolina 7 0 1 SoCon
81%
Week 8 (11/22) 4 North Carolina 8 0 1 SoCon
81%
Week 9 (11/29) 3 North Carolina 9 0 1 SoCon
81%
Week 1 (10/4) 3 Northwestern 2 0 Big Nine
81%
Week 2 (10/11) 3 Northwestern 3 0 Big Nine
81%
Week 3 (10/18) 10 Northwestern 3 1 Big Nine
81%
Week 4 (10/25) 9 Northwestern 4 1 Big Nine
81%
Week 5 (11/1) 10 Northwestern 5 1 Big Nine
81%
Week 6 (11/8) 8 Northwestern 6 1 Big Nine
81%
Week 7 (11/15) 7 Northwestern 6 2 Big Nine
81%
Week 8 (11/22) 7 Northwestern 7 2 Big Nine
81%
Week 9 (11/29) 7 Northwestern 7 2 Big Nine
81%
Week 1 (10/4) 13 Ole Miss 2 0 SEC
81%
Week 2 (10/11) 10 Ole Miss 3 0 SEC
81%
Week 3 (10/18) 20 Ole Miss 3 1 SEC
81%
Week 7 (11/15) 17 Ole Miss 7 1 SEC
81%
Week 8 (11/22) 16 Ole Miss 7 1 SEC
81%
Week 9 (11/29) 15 Ole Miss 8 1 SEC
81%
Week 4 (10/25) 14 Oregon 5 1 Pacific Coast
81%
Week 5 (11/1) 16 Oregon 6 1 Pacific Coast
81%
Week 6 (11/8) 15 Oregon 7 1 Pacific Coast
81%
Week 7 (11/15) 13 Oregon 8 1 Pacific Coast
81%
Week 8 (11/22) 10 Oregon 9 1 Pacific Coast
81%
Week 9 (11/29) 9 Oregon 9 1 Pacific Coast
81%
Week 1 (10/4) 12 Penn 1 0 Independent
81%
Week 2 (10/11) 8 Penn 2 0 Independent
81%
Week 3 (10/18) 7 Penn 3 0 Independent
81%
Week 4 (10/25) 7 Penn 4 0 Independent
81%
Week 5 (11/1) 7 Penn 5 0 Independent
81%
Week 6 (11/8) 17 Penn 5 1 Independent
81%
Week 7 (11/15) 16 Penn 5 2 Independent
81%
Week 8 (11/22) 19 Penn 5 2 Independent
81%
Week 1 (10/4) 10 Penn State 1 0 Independent
81%
Week 2 (10/11) 9 Penn State 2 0 Independent
81%
Week 3 (10/18) 8 Penn State 3 0 Independent
81%
Week 4 (10/25) 12 Penn State 3 0 1 Independent
81%
Week 5 (11/1) 14 Penn State 4 0 1 Independent
81%
Week 6 (11/8) 5 Penn State 5 0 1 Independent
81%
Week 7 (11/15) 6 Penn State 6 0 1 Independent
81%
Week 8 (11/22) 18 Penn State 6 1 1 Independent
81%
Week 9 (11/29) 18 Penn State 7 1 1 Independent
81%
Week 1 (10/4) 6 Georgia Tech 2 0 SEC
75%
Week 2 (10/11) 7 Georgia Tech 3 0 SEC
75%
Week 3 (10/18) 6 Georgia Tech 4 0 SEC
75%
Week 4 (10/25) 6 Georgia Tech 5 0 SEC
75%
Week 5 (11/1) 6 Georgia Tech 6 0 SEC
75%
Week 6 (11/8) 11 Georgia Tech 6 1 SEC
75%
Week 7 (11/15) 20 Georgia Tech 6 2 SEC
75%
Week 3 (10/18) 19 Michigan State 2 2 Independent
75%
Week 4 (10/25) 17 Michigan State 2 2 1 Independent
75%
Week 5 (11/1) 17 Michigan State 3 2 1 Independent
75%
Week 6 (11/8) 12 Michigan State 4 2 1 Independent
75%
Week 7 (11/15) 12 Michigan State 5 2 1 Independent
75%
Week 8 (11/22) 11 Michigan State 6 2 1 Independent
75%
Week 9 (11/29) 14 Michigan State 6 2 2 Independent
75%
Week 1 (10/4) 4 SMU 2 0 Southwest
69%
Week 2 (10/11) 14 SMU 2 1 Southwest
69%
Week 3 (10/18) 11 SMU 3 1 Southwest
69%
Week 4 (10/25) 11 SMU 4 1 Southwest
69%
Week 5 (11/1) 8 SMU 5 1 Southwest
69%
Week 6 (11/8) 7 SMU 6 1 Southwest
69%
Week 7 (11/15) 10 SMU 7 1 Southwest
69%
Week 8 (11/22) 8 SMU 8 1 Southwest
69%
Week 9 (11/29) 10 SMU 8 1 1 Southwest
69%
Week 2 (10/11) 15 Clemson 2 0 SoCon
56%
Week 3 (10/18) 14 Clemson 3 0 SoCon
56%
Week 4 (10/25) 13 Clemson 4 0 SoCon
56%
Week 5 (11/1) 12 Clemson 5 0 SoCon
56%
Week 6 (11/8) 10 Clemson 6 0 SoCon
56%
Week 7 (11/15) 9 Clemson 7 0 SoCon
56%
Week 8 (11/22) 9 Clemson 8 0 SoCon
56%
Week 9 (11/29) 11 Clemson 9 0 SoCon
56%
Week 1 (10/4) 18 Harvard 1 0 Independent
56%
Week 1 (10/4) 15 Purdue 0 2 Big Nine
56%
Week 8 (11/22) 15 Vanderbilt 6 2 1 SEC
56%
Week 9 (11/29) 12 Vanderbilt 7 2 1 SEC
56%
Week 2 (10/11) 19 Baylor 2 0 1 Southwest
50%
Week 4 (10/25) 20 Baylor 4 0 1 Southwest
50%
Week 3 (10/18) 17 Tulane 3 1 SEC
44%
Week 4 (10/25) 19 Tulane 4 1 SEC
44%
Week 5 (11/1) 20 Tulane 5 1 SEC
44%
Week 7 (11/15) 14 Tulane 7 1 SEC
44%
Week 8 (11/22) 14 Tulane 8 1 SEC
44%
Week 9 (11/29) 13 Tulane 9 1 SEC
44%
Week 2 (10/11) 13 Cornell 3 0 Independent
38%
Week 3 (10/18) 12 Cornell 4 0 Independent
38%
Week 7 (11/15) 19 Cornell 7 1 Independent
38%
Week 9 (11/29) 19 Cornell 8 1 Independent
38%
Week 5 (11/1) 18 Wake Forest 4 2 SoCon
25%
Week 6 (11/8) 19 Wake Forest 5 2 SoCon
25%
Week 9 (11/29) 20 Wake Forest 6 3 SoCon
25%
Week 1 (10/4) 19 Nevada 2 0 Independent
19%
Week 2 (10/11) 17 Nevada 3 0 Independent
19%
Week 3 (10/18) 15 Nevada 4 0 Independent
19%
Week 4 (10/25) 10 Nevada 5 0 Independent
19%
Week 5 (11/1) 11 Nevada 6 0 Independent
19%
Week 6 (11/8) 16 Nevada 6 1 Independent
19%
Week 8 (11/22) 20 William & Mary 5 2 2 SoCon
6%
Week 9 (11/29) 17 William & Mary 6 2 2 SoCon
6%
No matching quizzes found
Score Distribution
Percent of People with Each Score
Percentile by Number Answered
Your Score History
You have not taken this quiz